| 000 | 00966nas a2200301 4500 | ||
|---|---|---|---|
| 001 | BR2016001147 | ||
| 003 | BR-BrBNA | ||
| 005 | 20231205130236.0 | ||
| 007 | ta | ||
| 008 | 230509b bl.|||p| |||| 00| 00por d | ||
| 040 |
_aBR-BrBNA _bpor _cBiblioteca Nacional de Agricultura |
||
| 041 | _a(En) | ||
| 072 | _aF03; F62 | ||
| 100 | 1 | _aSilva, A.L. da | |
| 100 | 1 | _aDias, D.F. dos S. | |
| 100 | 1 | _aBorges, E.E. de L. e | |
| 100 | 1 | _aRibeiro, D.M. | |
| 100 | 1 | _aSilva, L.J. da | |
| 245 | 1 | _aEffect of sodium nitroprusside (SNP)on the germination of Senna macranthera seeds (DC. ec Collad.)H. S. Irwin Baneby under salt stress | |
| 650 | _aSEMENTE | ||
| 650 | _aFEDEGOSO | ||
| 650 | _aESPECIE NATIVA | ||
| 650 | _aPODER GERMINATIVO | ||
| 650 | _aINIBIDOR DE GERMINACAO | ||
| 773 | 0 |
_tJournal of Seed Science (Brazil) _xISSN 2317-1537 _g(Dec 2015), v. 37(4) p. 236-243 _wBR2016001147 |
|
| 909 |
_a202311 _bLúcia _c55 _dLúcia Elande |
||
| 942 |
_2AGRIS _n0 _cANA |
||
| 999 |
_c248413 _d248413 |
||